000 005970000a22001810004500
003 MACL
005 20160416163147.0
008 160416b xxu||||| |||| 00| 0 eng d
040 _aMACL
_cMACL
041 _aHindi
082 _a610
100 _aकुमार राम
_951955
245 _aसाधारण स्‍वास्‍थ्‍य समस्‍याऍ
_bभाग 2
260 _bबाल स्‍वास्‍थ्‍य सदन
_c2004
_aनई दिल्‍ली
350 _a80
650 _aHome Economics & Family Living
_952040
942 _cHIN
_k610
_2ddc
999 _c9455
_d9455